| 000 | 03241cam a2200457 a 4500 | ||
|---|---|---|---|
| 999 |
_c4719 _d4719 |
||
| 001 | ocm74029253 | ||
| 003 | OCoLC | ||
| 005 | 20180719153300.0 | ||
| 008 | 061017s2007 mdu b 001 0 eng | ||
| 010 | _a 2006034317 | ||
| 020 |
_a9780739113165 _q(cloth ; _qalk. paper) |
||
| 020 |
_a073911316X _q(cloth ; _qalk. paper) |
||
| 020 |
_a9780739113172 _q(pbk. ; _qalk. paper) |
||
| 020 |
_a0739113178 _q(pbk. ; _qalk. paper) |
||
| 029 | 1 |
_aDEBBG _bBV022511261 |
|
| 029 | 1 |
_aHEBIS _b185006345 |
|
| 035 |
_a(OCoLC)74029253 _z(OCoLC)1022728770 |
||
| 040 |
_aDLC _beng _cTZ-ArACH _dBAKER |
||
| 043 | _af------ | ||
| 049 | _aTZAA | ||
| 050 | 0 | 0 |
_aJQ1875 _b.C63 |
| 082 | 0 | 0 |
_a364.1/323096 _222 |
| 100 | 1 |
_aMbaku, John Mukum, _d1950- |
|
| 245 | 1 | 0 |
_aCorruption in Africa : _bcauses, consequences, and cleanups / _cJohn Mukum Mbaku. |
| 260 |
_aLanham, MD : _bLexington Books, _c2007. |
||
| 300 |
_axviii, 382 pages ; _c24 cm |
||
| 504 | _aIncludes bibliographical references and index. | ||
| 505 | 0 | _aGeneral introduction -- Bureaucratic and political corruption : definitions and measurement -- Corruption in Africa: an overview of causes and country experiences -- The impact of corruption on the African economies -- The international dimension of corruption -- Corruption cleanups in Africa : traditional approaches -- Corruption cleanups in Africa : lessons from public choice theory -- Corruption cleanups in Africa : the role of institutions -- Corruption cleanups in Africa : public financial management -- Corporate governance and corruption -- Corruption cleanups in Africa : a critique of advice from institutional experts -- Democratic constitution making and state reconstruction in Africa : challenges and prospects. | |
| 520 | 1 | _a"Corruption in Africa makes a significant contribution to the study of the impacts and eradication of corruption in African societies. John Mukum Mbaku offers a comprehensive analysis of the causes of public malfeasance in African countries and provides a number of practical and effective policy options for positive change. Mbaku demonstrates the destructive relationship between corruption and the abrogation of economic freedoms and entrepreneurship, a system that has clearly left Africa as one of the most deprived regions in the world. Utilizing the tools of public choice theory, the author emphasizes the important role that institutions have in corruption control and recommends reconstructive democratic constitutions as the most effective means of development."--Jacket. | |
| 650 | 0 |
_aPolitical corruption _zAfrica. _913272 |
|
| 650 | 0 |
_aCorruption _zAfrica. |
|
| 650 | 6 |
_aCorruption (Politique) _zAfrique. |
|
| 650 | 6 |
_aCorruption _zAfrique. |
|
| 650 | 7 |
_aCorruption. _2fast _913590 |
|
| 650 | 7 |
_aPolitical corruption. _2fast |
|
| 651 | 7 |
_aAfrica. _2fast |
|
| 776 | 0 | 8 |
_iOnline version: _aMbaku, John Mukum, 1950- _tCorruption in Africa. _dLanham, MD : Lexington Books, �2007 _w(OCoLC)608356062 |
| 856 | 4 | 1 |
_3Table of contents _uhttp://catdir.loc.gov/catdir/toc/ecip073/2006034317.html |
| 856 | 4 | 1 |
_3Table of contents _uhttp://bvbr.bib-bvb.de:8991/F?func=service&doc_library=BVB01&doc_number=015718161&line_number=0001&func_code=DB_RECORDS&service_type=MEDIA |
| 942 |
_2lcc _cBOOK |
||